Brit Awards - Best British Male Solo - Statistics

General Stats
  • This quiz has been taken 86 times
  • The average score is 16 of 41
Answer Stats
Hint Answer % Correct
1988 George Michael
77%
1997 George Michael
77%
2012 Ed Sheeran
72%
2015 Ed Sheeran
72%
1999 Robbie Williams
72%
2001 Robbie Williams
72%
2002 Robbie Williams
72%
2003 Robbie Williams
72%
1991 Elton John
70%
1983 Paul McCartney
62%
1984 David Bowie
51%
2014 David Bowie
51%
2017 David Bowie
51%
1986 Phil Collins
45%
1989 Phil Collins
45%
1990 Phil Collins
45%
2018 Stormzy
45%
2020 Stormzy
45%
2000 Tom Jones
45%
1994 Sting
40%
1977 Cliff Richard
34%
1982 Cliff Richard
34%
2006 James Blunt
32%
1987 Peter Gabriel
32%
1995 Paul Weller
26%
1996 Paul Weller
26%
2009 Paul Weller
26%
1992 Seal
23%
2010 Dizzee Rascal
19%
1998 Finley Quaye
19%
2016 James Bay
19%
1993 Mick Hucknall
19%
1985 Paul Young
19%
2005 The Streets
19%
2013 Ben Howard
15%
2019 George Ezra
15%
2007 James Morrison
15%
2008 Mark Ronson
15%
2004 Daniel Bedingfield
13%
2021 J Hus
11%
2011 Plan B
9%
No matching quizzes found
Score Distribution
Percent of People with Each Score
Percentile by Number Answered
Your Score History
You have not taken this quiz